Pays revendiquant une terre en Antarctique (Mort subite) - Statistiques

Statistiques générales
  • Ce quiz a été pris 146 fois
  • Le résultat moyen est 3 sur 7
Answers on the Grid
Answers color-coded by a green-red scale on the quiz's grid according to % correct below.
Argentine
Australie
Chili
France
Norvège
Nouvelle-Zélande
Royaume-Uni
Afrique du Sud
Etats-Unis
Canada
Suède
Russie
Japon
Chine
Corée du Sud
Uruguay
Brésil
Inde
Allemagne
Italie
 
Statistiques - réponses
Réponse % Correct
France
61%
Chili
46%
Argentine
45%
Royaume-Uni
40%
Australie
36%
Nouvelle-Zélande
33%
Norvège
31%
Aucun quiz correspondant
Distribution des résultats
% des personnes avec chaque résultat
Percentile par nombre de réponses
Votre historique - résultats
Vous n’avez pas pris ce quiz